|
|
|
|
| LEADER |
01176nam a2200325Ia 4500 |
| 001 |
EBC435560 |
| 003 |
MiAaPQ |
| 005 |
20200520144314.0 |
| 006 |
m o d | |
| 007 |
cr cn||||||||| |
| 008 |
080730s2008 mau sb 000 0 eng d |
| 020 |
|
|
|z 9781599960708
|
| 035 |
|
|
|a (MiAaPQ)EBC435560
|
| 035 |
|
|
|a (Au-PeEL)EBL435560
|
| 035 |
|
|
|a (CaPaEBR)ebr10379786
|
| 035 |
|
|
|a (OCoLC)733040146
|
| 040 |
|
|
|a MiAaPQ
|c MiAaPQ
|d MiAaPQ
|
| 050 |
|
4 |
|a HD31
|b .M37 2008
|
| 100 |
1 |
|
|a McQuaig, John D.
|
| 245 |
1 |
0 |
|a Parallel peaks
|h [electronic resource] :
|b business insights while climbing the world's highest mountains /
|c John D. McQuaig.
|
| 260 |
|
|
|a Amherst, Mass. :
|b HRD Press,
|c c2008.
|
| 300 |
|
|
|a ix, 116 p.
|
| 504 |
|
|
|a Includes bibliographical references.
|
| 533 |
|
|
|a Electronic reproduction. Ann Arbor, MI : ProQuest, 2015. Available via World Wide Web. Access may be limited to ProQuest affiliated libraries.
|
| 650 |
|
0 |
|a Management.
|
| 650 |
|
0 |
|a Leadership.
|
| 650 |
|
0 |
|a Career development.
|
| 655 |
|
4 |
|a Electronic books.
|
| 710 |
2 |
|
|a ProQuest (Firm)
|
| 856 |
4 |
0 |
|u https://ebookcentral.proquest.com/lib/matrademy/detail.action?docID=435560
|z Click to View
|